| 000 | 00932nam a22002177a 4500 | ||
|---|---|---|---|
| 999 |
_c18674 _d18674 |
||
| 003 | AR-CdUCM | ||
| 008 | 190228b ||||| |||| 00| 0 spa d | ||
| 040 |
_aMUNICIPALIDAD PROVINCIAL DEL CUSCO _cBIBLIOTECA MUNICIPAL DEL CUSCO |
||
| 082 |
_a301.2 / _bP59 |
||
| 100 |
_aPinilla, Antonio _96881 |
||
| 245 |
_aPsicología Social : _bConocimiento de la interacción humana / |
||
| 260 |
_aLima : _bUniversidad de Lima, _c1969. |
||
| 300 |
_a214 páginas ; _c21 cm. |
||
| 505 | _aConocimiento de la interacción humana --Dirección de la interacción humana --Parte descriptiva --Parte preceptiva ... | ||
| 650 |
_aInteracción social. _96882 |
||
| 650 |
_aPsicología social. _94539 |
||
| 650 |
_aFilosofia _9395 |
||
| 942 |
_2ddc _cLIBROS |
||
| 945 |
_arah _d2019/05/15 |
||